Statistiques concernant catastrophe naturelle

Cliquez ici pour prendre le quiz!

Statistiques générales

  • Ce quiz a été pris 92 fois
    (46 depuis la dernière actualisation)
  • Le résultat moyen est 7 sur 14

Statistiques - réponses

Answer % Correct
Séisme
95%
cyclone
91%
tsunami
86%
éruptions volcanique
74%
Tornade
67%
inondation
60%
incendie
47%
Avalanche
44%
secherèsse
35%
blizzard
21%
chutes de météorite
19%
têmpète de sable
14%
épidemie
9%
coulés de boue
2%

Distribution des résultats

Percentile by Number Answered

% des personnes avec chaque résultat

Votre développement - résultats

Vous n’avez pas pris ce quiz depuis la dernière actualisation